| 000 | 00368cam a2200145ua 4500 | ||
|---|---|---|---|
| 082 |
_a521.3 _bTHE/TE |
||
| 100 | _aTheraja, B L. | ||
| 245 | _aText book of electrical technology / | ||
| 250 | _a1 / | ||
| 260 |
_a : _bNirja Construction Development Co (P) Ltd , _c1989. |
||
| 300 | _a1809 ; . | ||
| 500 | _a** Reference | ||
| 700 | 1 | _aTheraja, A K . | |
| 942 | _cBK | ||
| 999 |
_c10094 _d10094 |
||